00962nas a2200253 4500001001300000003000900013005001700022007000300039008003400042040005400076041000900130072001300139100001900152100001600171245013400187650001100321650002400332650002000356773010400376909004000480942001800520999001900538952015100557BR2013008864BR-BrBNA20231205123220.0ta230509b bl.|||p| |||| 00| 00por d aBR-BrBNAbporcBiblioteca Nacional de Agricultura a(Pt) aM11; M401 aAraújo, A.R.1 aSilva, F.D.1 aAspectos da pesca e biologia da tainha, Mugil curema (Osteichthyes: Mugilidae), no estuário do rio Vaza Barris, Sergipe, Brasil aTAINHA aBIOLOGIA AQUÁTICA aPESCA ARTESANAL0 tArquivos de Ciências do Mar (Brazil)xISSN 0374-5686g(Jun 2013), v. 46(1) p. 29-38wBR2013008864 a202311bLúciac55dLúcia Elande 2AGRISn0cANA c232747d232747 002AGRIS4071a41918b41918cPeriódicos Agrícolash(Jun 2013), v. 46(1) p. 29-38l0r2023-11-29t01yCRePortaria Interministerial nº 164/94